000 00573nam a2200169Ia 4500
003 GCL
008 140319s9999 xx 000 0 ara d
040 _aGCL /
_cGCL
082 0 4 _a842
_bى م \\=aيونسكو، يوجينv
245 1 0 _aمن الاعمال المختارة (الغضب - الملك يموت - العطش والجوع )
700 1 _aسيد عطية ابوالنجا
300 _a313 ص
490 _aمن المسرح العالمى
_v0
650 0 4 _aالادب الفرنسى
650 0 4 _aالادب الفرنسى المترجم
942 _2ddc
_cBK
999 _c38363
_d38363